000 00641nam a2200169 a 4500
001 000049024
005 20201002061609.0
008 190715s1986 sp b r 000 0 spa d
040 _aDO-SdBNP
_bspa
_cBNPHU
082 _axxxx
_bE74i
100 1 _aEscarpanter, José
_968347
245 1 0 _aIntroducción a la moderna gramática española /
_cJosé Escarpanter.
260 _aSanto Domingo :
_bPlayor,
_c1986.
300 _a270 p. :
_bmap. ;
_c25 cm.
500 _aUna aproximación estructural a la gramática. Un libro claro, práctico, lleno de ejercicios, que le permiten dominar la estructura del español.
590 _aInventariado, 2019/BT
999 _c48512
_d48512